000 00666nam a22002417a 4500
003 UA-OsUOA
001 93842
007 ta
008 20130129b un ||||| |||| 00| 0 ukr d
100 _aКанич А.
090 _a821.161.2
_bК19
942 _cBK
040 _aUA-OsUOA
_bukr
_cUA-OsUOA
_dUA-OsUOA
245 _aЛьвівські рапсодії
_bілюстрована збірка пісень
300 _a80 с.
955 _a3
041 _aukr
080 _a821.161.2
020 _a966-7466-86-8
260 _aЛьвів
_bАверс
_c2003
650 7 _a82 Література. Літературознавство
_2UDC
999 _c380054
_d380054